000
00339 a2200157 4500
001
161562
020
_a
040
_c
Magnum
100
_a
Batista, Zizinha
240
1
0
_a
A fada fabi/o carro de belissa
_l
por
245
1
0
_a
A fada fabi/o carro de belissa
362
0
_a
1899
440
1
_a
Do Brasil
697
_a
I/GERAL
942
_c
BK
999
_c
161562
_d
161562